Supervisión del personal de oficinas públicas y empresas

Salvato in:
Dettagli Bibliografici
Autore principale: Van Dersal, William R (Autore)
Natura: Libro
Lingua:spagnolo
Pubblicazione: Ciudad de México UTEHA 1963
Serie:Manuales UTEHA, 177-177a. Sección 15: Ciencias Comerciales
Soggetti:
Tags: Aggiungi Tag
Nessun Tag, puoi essere il primo ad aggiungerne!!

MARC

LEADER 00000nam a2200000 a 4500
001 UCQ1127
003 CL-VaPUC
008 980709e19630000MX |||||||||||||||||spa|d
082 0 4 |a 658.3  |b VAN  |2 21 
100 0 |a Van Dersal, William R  |e author  |9 414718 
245 1 0 |a Supervisión del personal de oficinas públicas y empresas 
246 1 0 |a Manual de los problemas entre la organización y el indiividuo 
300 |a 226 p 
942 |c BK 
945 |d 19980709 00:00:00  |a cmena 
260 |a Ciudad de México  |b UTEHA  |c 1963 
650 0 |a Administración de empresas   |9 260833 
650 0 |a Administración del personal  |9 260442 
650 7 |a SUPERVISION  |2 CL-VaPUC  |9 338459 
650 0 |a Psicología industrial  |9 271739 
650 0 |a Motivación   |9 315362 
650 0 |a Comunicación   |9 257251 
650 0 |a Relaciones laborales   |9 335971 
650 7 |a CONFLICTO LABORAL  |2 CL-VaPUC  |9 354657 
583 |a last modification  |c 19980709 00:00:00  |k Rodrigo Vera 
490 0 |a Manuales UTEHA, 177-177a. Sección 15: Ciencias Comerciales 
999 |c 272131  |d 272129 
952 |0 0  |1 0  |4 0  |6 658_300000000000000_VAN_1963  |7 0  |8 A  |9 306999  |a BIBGIM  |b BIBGIM  |d 2019-11-20  |i 143344K  |o 658.3 VAN 1963  |p 143344K  |r 2025-01-15  |w 2019-11-20  |y BK  |k COM